000 01165cam a22003254a 4500
001 15499561
003 OSt
005 20251009111218.0
008 150206s2009 caua b 001 0 eng
010 _a 2008046331
020 _a9780878083909 (paper back)
040 _aDLC
_cDLC
_dDLC
050 0 0 _aBV2070
_b.P46 2009
082 0 0 _a266 Per 2009
_222
245 0 0 _aPerspectives on the world Christian movement :
_ba reader /
_ceditors: Ralph D. Winter, Steven C. Hawthorne ; associate editors: Darrell R. Dorr, D. Bruce Graham, Bruce A. Koch.
250 _a4th ed.
260 _aPasadena, Calif. :
_bWilliam Carey Library,
_cc2009.
300 _axviii, 782 p. :
_bill. ;
_c26 cm.
504 _aIncludes bibliographical references and index.
650 0 _aMissions.
650 0 _aEvangelistic work.
700 1 _aWinter, Ralph D.
700 1 _aHawthorne, Steven C.,
_d1953-
700 1 _aDorr, Darrell R.
700 1 _aGraham, D. Bruce.
700 1 _aKoch, Bruce A.
906 _a7
_bcbc
_corignew
_d1
_eecip
_f20
_gy-gencatlg
942 _cBK
_2ddc
999 _c16936
_d16936